[Event "CZE-chT U18 Extraliga Ost 1819"]
[Site "Czech Republic"]
[Date "2018.10.07"]
[Round "3.5"]
[White "Kupsa, Matej"]
[Black "Vantuch, Lucian"]
[Result "1-0"]
[WhiteElo "1846"]
[BlackElo "1969"]
[PlyCount "145"]
[EventDate "2018.10.05"]
[EventType "team-tourn"]
[EventRounds "11"]
[EventCountry "CZE"]
[SourceTitle "EXT 2023"]
[Source "ChessBase"]
[SourceDate "2022.10.05"]
[SourceVersion "1"]
[SourceVersionDate "2022.10.05"]
[SourceQuality "1"]
[WhiteTeam "Policka Stefanydes (U18)"]
[BlackTeam "Frydek Mistek BSS (U18)"]
[WhiteTeamCountry "CZE"]
[BlackTeamCountry "CZE"]

1. d4 Nf6 2. Bf4 e6 3. Nd2 b6 4. Ngf3 Bb7 5. e3 d6 6. h3 Nbd7 7. Be2 Qe7 8. 0-0 h6 9. Ne1 e5 10. Bh2 0-0-0 11. c4 g5 12. a4 h5 13. a5 g4 14. h4 Nh7 15. axb6 axb6 16. c5 dxc5 17. Ba6 Bxa6 18. Rxa6 cxd4 19. exd4 Nb8 20. Ra8 Rxd4 21. Qa1 c6 22. Qa6+ Qb7 23. Qxb7+ Kxb7 24. Rxb8+ Ka7 25. Bxe5 Rxd2 26. Rc8 f6 27. Rc7+ Ka6 28. Bc3 Rd6 29. Nc2 b5 30. Ra1+ Kb6 31. Ba5+ Kc5 32. Bb4+ Kb6 33. Bxd6 Bxd6 34. Rf7 g3 35. f3 Be5 36. Raa7 Rd8 37. Rad7 Rxd7 38. Rxd7 Nf8 39. Rf7 Ng6 40. b3 Nxh4 41. Rh7 Nf5 42. Rxh5 Nd4 43. Nxd4 Bxd4+ 44. Kf1 Ka5 45. Ke2 Kb4 46. Kd3 c5 47. Kc2 c4 48. bxc4 bxc4 49. Rh4 Be5 50. Re4 Bc3 51. f4 Ba1 52. Re3 Kc5 53. Rxg3 Bd4 54. Rg8 Kd5 55. Re8 Bf2 56. Kd2 Kd4 57. Re6 c3+ 58. Kc2 Bh4 59. g4 Kd5 60. Re3 Bf2 61. Rf3 Be1 62. g5 Bh4 63. g6 Ke6 64. f5+ Ke7 65. Kxc3 Bg5 66. Kd4 Bh6 67. Kd5 Kf8 68. Ke6 Bg7 69. Ra3 Bh8 70. Ra8+ Kg7 71. Rxh8 Kxh8 72. Kxf6 Kg8 73. g7 1-0

[Event "CZE-chT U18 Extraliga Ost 1819"]
[Site "Czech Republic"]
[Date "2018.10.06"]
[Round "2.5"]
[White "Fizerova, Lucie"]
[Black "Kupsa, Matej"]
[Result "0-1"]
[WhiteElo "1538"]
[BlackElo "1846"]
[PlyCount "120"]
[EventDate "2018.10.05"]
[EventType "team-tourn"]
[EventRounds "11"]
[EventCountry "CZE"]
[SourceTitle "EXT 2023"]
[Source "ChessBase"]
[SourceDate "2022.10.05"]
[SourceVersion "1"]
[SourceVersionDate "2022.10.05"]
[SourceQuality "1"]
[WhiteTeam "Frydek Mistek Interchess (U18)"]
[BlackTeam "Policka Stefanydes (U18)"]
[WhiteTeamCountry "CZE"]
[BlackTeamCountry "CZE"]

1. e4 d6 2. d4 g6 3. Nf3 Bg7 4. c3 Nf6 5. Bd3 0-0 6. 0-0 Nbd7 7. Be3 e5 8. Re1 c6 9. Qd2 Qc7 10. Bh6 Re8 11. Bxg7 Kxg7 12. dxe5 dxe5 13. b4 Nf8 14. Na3 N6d7 15. Bc4 Nb6 16. Bb3 Be6 17. Qc2 a5 18. Nb1 Bg4 19. Ng5 f6 20. bxa5 Rxa5 21. h3 Bc8 22. Nf3 Be6 23. Nbd2 Raa8 24. Rad1 Rad8 25. Qb2 Nbd7 26. Bc2 Nc5 27. Nb3 Na4 28. Qa1 b5 29. Rc1 Nd7 30. Bd3 Ndb6 31. Red1 Bc4 32. Bxc4 Nxc4 33. Nfd2 Ncb2 34. Rf1 Nd3 35. Rcd1 Nf4 36. c4 b4 37. Nf3 Nc3 38. Rxd8 Rxd8 39. Nbd2 Ra8 40. Qb2 Qb6 41. Ra1 Nd3 42. Qc2 Qxf2+ 43. Kh1 Nf4 44. Ne1 Rxa2 45. Rxa2 Qxe1+ 46. Kh2 Nxa2 47. Nf3 Qe2 48. Qxe2 Nxe2 49. Nd2 Nac1 50. g4 b3 51. Nxb3 Nxb3 52. Kg2 Nf4+ 53. Kg3 Nd2 54. h4 Nxc4 55. Kf3 Nd6 56. Ke3 c5 57. Kd2 Nxe4+ 58. Ke3 c4 59. Kxe4 c3 60. Ke3 g5 0-1

[Event "CZE-chT2D 1617"]
[Site "Czech Republic"]
[Date "2016.12.11"]
[Round "5.8"]
[White "Poslusny, Martin"]
[Black "Kupsa, Matej"]
[Result "1/2-1/2"]
[WhiteElo "1948"]
[BlackElo "1779"]
[PlyCount "74"]
[EventDate "2016.10.09"]
[EventType "team-tourn"]
[EventRounds "11"]
[EventCountry "CZE"]
[SourceTitle "EXT 2022"]
[Source "ChessBase"]
[SourceDate "2021.10.06"]
[SourceVersion "1"]
[SourceVersionDate "2021.10.06"]
[SourceQuality "1"]
[WhiteTeam "Usti nad Orlici"]
[BlackTeam "Lanskroun"]
[WhiteTeamCountry "CZE"]
[BlackTeamCountry "CZE"]

1. d4 Nf6 2. c4 c5 3. dxc5 Qa5+ 4. Bd2 Qxc5 5. Qc2 d5 6. Na3 dxc4 7. Qxc4 Qxc4 8. Nxc4 Nc6 9. f3 b5 10. Na5 Nxa5 11. Bxa5 Bb7 12. Rc1 Rc8 13. Rxc8+ Bxc8 14. e4 a6 15. Bd3 e5 16. Bc7 Nd7 17. Ne2 f6 18. 0-0 Bc5+ 19. Kh1 Bb6 20. Bd6 Kf7 21. Rd1 Bc5 22. Bc7 Bb6 23. Bd6 Bc5 24. Bc2 Bxd6 25. Rxd6 Ke7 26. Rd2 Nb6 27. Bb3 Rd8 28. Rxd8 Kxd8 29. Bg8 h6 30. Kg1 Ke7 31. Kf2 Be6 32. Bxe6 Kxe6 33. b4 g6 34. Nc1 Na4 35. Ke3 f5 36. g3 Kd6 37. Kd3 Nb2+ 1/2-1/2

[Event "SE-2014-0-00179"]
[Site "LSS email"]
[Date "2014.10.10"]
[Round "?"]
[White "Kupsa, Matej"]
[Black "Evsin, Igorj"]
[Result "1/2-1/2"]
[WhiteElo "1032"]
[BlackElo "1385"]
[PlyCount "40"]
[EventDate "2014.08.19"]
[EventType "tourn (corr)"]
[EventRounds "6"]
[EventCountry "GER"]
[SourceTitle "Corr 2015"]
[Source "ChessBase"]
[SourceDate "2015.07.17"]
[SourceVersion "1"]
[SourceVersionDate "2015.07.17"]
[SourceQuality "1"]

1. d4 d5 2. c4 e5 3. dxe5 d4 4. Nf3 Nc6 5. e3 Bb4+ 6. Bd2 dxe3 7. fxe3 Bg4 8. Nc3 Qd7 9. Nd5 Bxd2+ 10. Qxd2 Nge7 11. Be2 Bxf3 12. Bxf3 Nxe5 13. Nxe7 Qxe7 14. 0-0 c6 15. b3 0-0 16. Qe2 Nxf3+ 17. Qxf3 Rad8 18. Rfd1 Rxd1+ 19. Rxd1 Re8 20. Re1 f6 1/2-1/2

[Event "SE-2014-0-00179"]
[Site "LSS email"]
[Date "2014.10.10"]
[Round "?"]
[White "Vio, Mauro"]
[Black "Kupsa, Matej"]
[Result "1-0"]
[WhiteElo "1476"]
[BlackElo "1032"]
[PlyCount "53"]
[EventDate "2014.08.19"]
[EventType "tourn (corr)"]
[EventRounds "6"]
[EventCountry "GER"]
[SourceTitle "Corr 2015"]
[Source "ChessBase"]
[SourceDate "2015.07.17"]
[SourceVersion "1"]
[SourceVersionDate "2015.07.17"]
[SourceQuality "1"]

1. c4 c5 2. Nf3 d6 3. Nc3 Nc6 4. d4 cxd4 5. Nxd4 g6 6. Nxc6 bxc6 7. g3 Bg7 8. Bg2 Bd7 9. 0-0 Nf6 10. c5 d5 11. e4 e6 12. Bg5 h6 13. exd5 cxd5 14. Bf4 0-0 15. Rc1 Bc6 16. Qd2 g5 17. Bd6 Re8 18. Ne2 Qd7 19. Nd4 Rec8 20. f4 gxf4 21. Nxc6 Rxc6 22. Bxf4 Rac8 23. Bxh6 Rxc5 24. Rxc5 Rxc5 25. Bxg7 Kxg7 26. Qg5+ Kf8 27. Qxf6 1-0